UITU Library & LRC     

IP Based Home Automation Using Wi-Fi (Record no. 33563)

MARC details
000 -LEADER
fixed length control field 00491nam a2200133Ia 4500
008 - FIXED-LENGTH DATA ELEMENTS--GENERAL INFORMATION
fixed length control field 260210s9999 xx 000 0 und d
024 ## - OTHER STANDARD IDENTIFIER
Standard number or code 07A-025-TE, 07A-015-TE, 07A-006-TE & 07A-037-TE
082 ## - DEWEY DECIMAL CLASSIFICATION NUMBER
Classification number 643.6072 FAR
100 ## - MAIN ENTRY--PERSONAL NAME
Personal name Myhammad Ali Saeed Faridi, Akhtar Saeed, Hamid Khan & Muhammad Danisgh Siddiqui
245 #0 - TITLE STATEMENT
Title IP Based Home Automation Using Wi-Fi
260 ## - PUBLICATION, DISTRIBUTION, ETC.
Place of publication, distribution, etc. Karachi:
Name of publisher, distributor, etc. UITU,
Date of publication, distribution, etc. 2007
600 ## - SUBJECT ADDED ENTRY--PERSONAL NAME
Personal name Telecommunication Engineering
650 ## - SUBJECT ADDED ENTRY--TOPICAL TERM
Topical term or geographic name entry element Bachelor of Engineering (BE)

No items available.

Powered by Koha